Sihirli okul otobüsü : (Record no. 21345)

MARC details
000 -BAŞLIK
Sabit Uzunluktaki Kontrol Alanı 00651nam a22001937a 4500
003 - KONTROL NUMARASI KİMLİĞİ
Kontrol Alanı koha_MIRAKIL
005 - EN SON İŞLEM TARİHİ ve ZAMANI
Kontrol Alanı 20250108144912.0
008 - SABİT UZUNLUKTAKİ VERİ ÖGELERİ - GENEL BİLGİ
Sabit Alan 250108b |||||||| |||| 00| 0 ||| d
020 ## - ISBN - ULUSLARARASI STANDART KİTAP NUMARASI
Isbn 9789752122963
040 ## - KATALOGLAMA KAYNAĞI
Özgün Kataloglama Kurumu TR-IsEVY
Kataloglama Dili tur
Çeviri Kurumu TR-IsEVY
082 ## - DEWEY ONU SINIFLAMA SİSTEMİ
Sınıflama Numarası 611.8 COL//S
100 ## - KİŞİ ADI
Yazar Adı (Kişi adı) Cole, Joanna
245 #0 - ESER ADI BİLDİRİMİ
Başlık Sihirli okul otobüsü :
Alt Eseradı vb. Duyuları araştırıyor /
Sorumluluk Bildirimi Joanna Cole ; resimleyen Bruce Degen.
260 ## - YAYIN, DAĞITIM, VB.
Yayın Yeri İstanbul :
Yayınevi Altın Kitaplar,
Yayın Tarihi 2018.
300 ## - FİZİKSEL TANIMLAMA
Sayfa, Cilt vb. 48 s. :
Diğer fiziki detaylar renkli resimli ;
Boyutları 21X24 cm.
650 ## - KONU BAŞLIĞI EK GİRİŞ - KONU TERİMİ
Konusal terim veya coğrafi ad İnsan Vücudu.
Alt başlık biçimi Duyular.
-- Duyu Organları.
-- Çocuk Edebiyatı.
700 1# - EK GİRİŞ - KİŞİ ADI
Yazar Adı (Kişi adı) Degen, Bruce.
Ünvan resimleyen.
942 ## - EK GİRİŞ ÖGELERİ (KOHA)
Source of classification or shelving scheme Dewey Decimal Classification
Koha item type Kitap
Holdings
Kayıp Durumu Sınıflandırma Kaynağı Hasarlı Durumu Koleksiyon Kodu Kalıcı Konum Mevcut Konum Kayıt Tarih Edinim Kaynağı Toplam Ödünçverme Yer Numarası Demirbaş Numarası Son Görülme Tarihi Fatura Tarihi Materyal Türü
  Dewey Decimal Classification   İlkokul İLKOKUL KÜTÜPHANESİ İLKOKUL KÜTÜPHANESİ 08/01/2025 Bağış   611.8 COL//S 22602 08/01/2025 08/01/2025 Kitap